000 00209nam a2200097Ia 4500
008 240625s9999 xx 000 0 und d
041 _aeng
100 _aLINUX FOR YOU
245 _aCHIP FEDORA 8
260 _c2007
999 _c33884
_d33884